Sobre la poesía popular impresa de Santiago de Chile, siglo XIX
Gorde:
| Egile nagusia: | |
|---|---|
| Formatua: | Liburua |
| Hizkuntza: | gaztelania |
| Argitaratua: |
Santiago
Centro Cultural de España
2003
|
| Gaiak: | |
| Etiketak: |
Etiketa erantsi
Etiketarik gabe, Izan zaitez lehena erregistro honi etiketa jartzen!
|
MARC
| LEADER | 00000nam a2200000 a 4500 | ||
|---|---|---|---|
| 001 | UCL0941 | ||
| 003 | CL-VaPUC | ||
| 008 | 030825e20030000CL |||||||||||||||||spa|d | ||
| 082 | 0 | 4 | |a 398.2 |b LEN |2 21 |
| 100 | |a Lenz, Rodolfo |e author |9 477713 | ||
| 245 | 1 | 0 | |a Sobre la poesía popular impresa de Santiago de Chile, siglo XIX |
| 246 | 1 | 0 | |a Selección de 30 pliegos de la lira popular |
| 300 | |a 92 p | ||
| 942 | |c BK | ||
| 945 | |d 20030825 00:00:00 |a cmena | ||
| 260 | |a Santiago |b Centro Cultural de España |c 2003 | ||
| 500 | |a Proyecto conjunto del Centro Cultural de España y el Archivo de Literatura Oral de la Biblioteca Nacional | ||
| 650 | 0 | |a Literatura folklórica |9 306605 | |
| 650 | 7 | |a LITERATURA ORAL |2 CL-VaPUC |9 477714 | |
| 650 | 0 | |a Lira popular |9 477715 | |
| 650 | 0 | |a Verso a lo humano |9 597794 | |
| 650 | 0 | |a Décimas chilenas |9 477717 | |
| 650 | 0 | |a Literatura chilena |9 308278 | |
| 583 | |a last modification |c 20030825 00:00:00 |k Rodrigo Vera | ||
| 999 | |c 304664 |d 304662 | ||
| 952 | |0 0 |1 0 |4 0 |6 398_200000000000000_LEN_2003 |7 0 |8 X |9 367305 |a FDOMLP |b FDOMLP |d 2019-11-21 |i 3933229 |o 398.2 LEN 2003 |p 3933229 |r 2019-11-21 |w 2019-11-21 |y BK_X |k BU2 | ||